Normal view
MARC view
- Demidovich, B .
Entry Personal Name
001 - CONTROL NUMBER
- control field: 1756
003 - CONTROL NUMBER IDENTIFIER
- control field: OSt
005 - DATE AND TIME OF LATEST TRANSACTION
- control field: 20161014102702.0
008 - FIXED-LENGTH DATA ELEMENTS
- fixed length control field: 161014|| aca||aabn | a|a d
040 ## - CATALOGING SOURCE
- Original cataloging agency: OSt
- Transcribing agency: OSt
100 ## - HEADING--PERSONAL NAME
- Personal name: Demidovich, B .
670 ## - SOURCE DATA FOUND
- Source citation: Work cat.: (OSt)3339: Demidovich, B ., Problems in Mathematical Analysis / , 1984.
